[Event "Olimpiada de Khanty-Mansiysk 2010"]
[Site "Khanty-Mansiysk RUS"]
[Date "2010.09.27"]
[Round "6"]
[White "Palac, Mladen"]
[Black "Gerzhoy, Leonid"]
[Result "1-0"]
[WhiteElo "2561"]
[BlackElo "2485"]
[PlyCount "133"]
[EventDate "2010.09.21"]
[EventType "team"]
[EventRounds "11"]
[EventCountry "RUS"]
[Source "lmi"]
[SourceDate "2010.09.21"]
[WhiteTeam "Croacia"]
[BlackTeam "Canadá"]
[WhiteTeamCountry "CRO"]
[BlackTeamCountry "CAN"]

1. e4 c6 2. d4 d5 3. Nc3 dxe4 4. Nxe4 Bf5 5. Ng3 Bg6 6. h4 h6 7. Nf3 Nd7 8. h5
Bh7 9. Bd3 Bxd3 10. Qxd3 e6 11. Bd2 Ngf6 12. O-O-O Qc7 13. Ne4 O-O-O 14. g3
Nxe4 15. Qxe4 Bd6 16. Kb1 Rhe8 17. Qe2 e5 18. Rhe1 e4 19. Nh4 Nf6 20. Nf5 Bf8
21. c4 g6 22. hxg6 fxg6 23. Bf4 Qh7 24. Be5 gxf5 25. Bxf6 Rd7 26. d5 cxd5 27.
Rxd5 Rxd5 28. cxd5 Qd7 29. Bd4 b6 30. Rd1 Kb7 31. Be3 Rc8 32. Qd2 Bd6 33. Bxh6
Qb5 34. Ka1 a5 35. Bf4 Bb4 36. Qd4 Rc2 37. d6 Bc3 38. Qxc3 Rxc3 39. bxc3 Qd7
40. Kb2 Qb5+ 41. Kc1 Qd7 42. Rd4 b5 43. Kd2 a4 44. a3 Kc6 45. Ke3 Kc5 46. Be5
Kc6 47. Kf4 Kc5 48. Bf6 Kc6 49. Be7 Kc5 50. Ke5 Kc6 51. Kf6 Kc5 52. Ke5 Kc6 53.
Kf4 Kc5 54. g4 fxg4 55. Rxe4 Kd5 56. Rd4+ Kc6 57. Kg3 Qf5 58. d7 Qf3+ 59. Kh4
Qxf2+ 60. Kxg4 Qg2+ 61. Kf5 Qc2+ 62. Kf6 Qf2+ 63. Kg6 Qc2+ 64. Kg7 Qg2+ 65. Kf7
Qf3+ 66. Bf6 Qh5+ 67. Kg7 1-0

[Event "Olimpiada de Khanty-Mansiysk 2010"]
[Site "Khanty-Mansiysk RUS"]
[Date "2010.09.27"]
[Round "6"]
[White "Fressinet, Laurent"]
[Black "Shengelia, David"]
[Result "1-0"]
[WhiteElo "2718"]
[BlackElo "2587"]
[PlyCount "127"]
[EventDate "2010.09.21"]
[EventType "team"]
[EventRounds "11"]
[EventCountry "RUS"]
[Source "lmi"]
[SourceDate "2010.09.21"]
[WhiteTeam "Francia"]
[BlackTeam "Austria"]
[WhiteTeamCountry "FRA"]
[BlackTeamCountry "AUT"]

1. d4 Nf6 2. c4 e6 3. Nf3 d5 4. Nc3 Bb4 5. cxd5 exd5 6. Bg5 h6 7. Bh4 g5 8. Bg3
Ne4 9. Nd2 Nxg3 10. hxg3 c6 11. a3 Bf8 12. e4 Be6 13. Qc2 dxe4 14. O-O-O Nd7
15. Bc4 e3 16. fxe3 Qe7 17. Bxe6 fxe6 18. Rhf1 O-O-O 19. Nc4 Qh7 20. Qb3 Qg6
21. Na5 Nb6 22. Na4 Bd6 23. Nxb6+ axb6 24. Qxb6 Rh7 25. Nc4 Bxg3 26. Rf3 Bc7
27. Qa7 Qe4 28. Qa8+ Kd7 29. Qxb7 Rb8 30. Ne5+ Kd6 31. Qa7 Rb5 32. Nc4+ Kd5 33.
Nd2 Ba5 34. Nxe4 Rxa7 35. Nf6+ Kc4 36. Rf2 Rb3 37. Rc2+ Kb5 38. Ng4 Bb6 39. Rh1
Rh7 40. Re2 c5 41. d5 exd5 42. Nf6 Rh8 43. Nxd5 h5 44. Kc2 c4 45. Rf1 g4 46.
Rf5 Kc6 47. Nc3 Bc5 48. Rf6+ Kc7 49. Rf4 Rhb8 50. Kc1 Rxb2 51. Rxb2 Bxe3+ 52.
Kc2 Bxf4 53. Nd5+ Kc6 54. Nxf4 Rxb2+ 55. Kxb2 h4 56. Kc3 Kb5 57. Kd4 Ka4 58.
Kxc4 Kxa3 59. Kd5 Kb4 60. Ke5 Kc5 61. Kf5 h3 62. Nxh3 gxh3 63. gxh3 Kd6 64. Kf6
1-0

[Event "Olimpiada de Khanty-Mansiysk 2010"]
[Site "Khanty-Mansiysk RUS"]
[Date "2010.09.27"]
[Round "6"]
[White "Neubauer, Martin"]
[Black "Edouard, Romain"]
[Result "0-1"]
[WhiteElo "2428"]
[BlackElo "2636"]
[PlyCount "58"]
[EventDate "2010.09.21"]
[EventType "team"]
[EventRounds "11"]
[EventCountry "RUS"]
[Source "lmi"]
[SourceDate "2010.09.21"]
[WhiteTeam "Austria"]
[BlackTeam "Francia"]
[WhiteTeamCountry "AUT"]
[BlackTeamCountry "FRA"]

1. d4 Nf6 2. c4 e6 3. Nc3 Bb4 4. Qc2 c5 5. dxc5 Bxc5 6. Nf3 Qb6 7. e3 Qc7 8.
Be2 O-O 9. O-O a6 10. b3 Be7 11. Bb2 d6 12. Rfd1 Nbd7 13. Ne4 Nxe4 14. Qxe4 Nf6
15. Qd3 h6 16. e4 Nd7 17. Qe3 e5 18. Ne1 Nc5 19. f3 f5 20. exf5 Bxf5 21. Bd3
Bg5 22. Qe2 e4 23. Bxe4 Nxe4 24. fxe4 Rae8 25. e5 Bg4 26. Nf3 dxe5 27. Qe4 Qb6+
28. Kf1 Rf4 29. Qd5+ Be6 0-1

[Event "Olimpiada de Khanty-Mansiysk 2010"]
[Site "Khanty-Mansiysk RUS"]
[Date "2010.09.27"]
[Round "6"]
[White "Laylo, Darwin"]
[Black "Podolchenko, Evgeniy"]
[Result "0-1"]
[WhiteElo "2522"]
[BlackElo "2506"]
[PlyCount "184"]
[EventDate "2010.09.21"]
[EventType "team"]
[EventRounds "11"]
[EventCountry "RUS"]
[Source "lmi"]
[SourceDate "2010.09.21"]
[WhiteTeam "Filipinas"]
[BlackTeam "Bielorusia"]
[WhiteTeamCountry "PHI"]
[BlackTeamCountry "BLR"]

1. d4 Nf6 2. c4 e6 3. Nf3 b6 4. g3 Ba6 5. Qa4 Bb7 6. Bg2 c5 7. dxc5 Bxc5 8. O-O
O-O 9. Nc3 Be7 10. Bf4 d6 11. Rfd1 a6 12. Ng5 Bxg2 13. Kxg2 Ra7 14. Nge4 Ne8
15. f3 Rc7 16. g4 Rc6 17. Nd2 Qc8 18. Nce4 Nd7 19. Qb3 Nc7 20. a4 d5 21. Bxc7
dxe4 22. Bg3 Nc5 23. Qe3 Bf6 24. fxe4 Bxb2 25. Ra2 Bf6 26. Nf3 h6 27. Bd6 Rd8
28. Rad2 Nxe4 29. Qxe4 Rxc4 30. Qe3 Rxg4+ 31. Bg3 Rxd2 32. Rxd2 Qc6 33. Kf2
Rxa4 34. Rd6 Qc2 35. Qxb6 Ra1 36. Qb8+ Kh7 37. Qb7 Ra2 38. Rd2 Qc5+ 39. Kg2
Rxd2 40. Nxd2 a5 41. Ne4 Qf5 42. Nxf6+ Qxf6 43. Qe4+ Qg6 44. Qa4 Qg5 45. Qc4
Qe3 46. Bf4 Qb6 47. Bd2 Qb7+ 48. Kf2 Qd7 49. Bc3 a4 50. Qb4 f6 51. Qe4+ Kg8 52.
h4 e5 53. Qc4+ Kh8 54. Ke1 a3 55. Qa6 Qg4 56. Qxa3 Qxh4+ 57. Kd2 Qf4+ 58. Kd3
Qf5+ 59. Kd2 Kh7 60. Qa8 h5 61. Qg2 h4 62. Ke1 h3 63. Qh2 g5 64. Bd2 Kg6 65.
Be3 g4 66. Bf2 Qb1+ 67. Kd2 Qe4 68. Qg3 Qf4+ 69. e3 Qe4 70. Ke1 f5 71. Qh4 Qh1+
72. Kd2 Qf3 73. Ke1 Qh1+ 74. Kd2 Qg2 75. Qg3 Qd5+ 76. Ke1 Qa5+ 77. Ke2 Qa2+ 78.
Ke1 Qb1+ 79. Kd2 Qb2+ 80. Ke1 Kf6 81. Qh4+ Ke6 82. Qh8 Qa1+ 83. Kd2 Qa5+ 84.
Ke2 Qa6+ 85. Ke1 Kd5 86. Qg8+ Ke4 87. Qh7 Qa1+ 88. Ke2 Qb2+ 89. Ke1 Qc1+ 90.
Ke2 Qc2+ 91. Kf1 Kf3 92. Qh4 Qd1+ 0-1

[Event "Olimpiada de Khanty-Mansiysk 2010"]
[Site "Khanty-Mansiysk RUS"]
[Date "2010.09.27"]
[Round "6"]
[White "Stupak, Kirill"]
[Black "Bitoon, Richard"]
[Result "1-0"]
[WhiteElo "2502"]
[BlackElo "2447"]
[PlyCount "115"]
[EventDate "2010.09.21"]
[EventType "team"]
[EventRounds "11"]
[EventCountry "RUS"]
[Source "lmi"]
[SourceDate "2010.09.21"]
[WhiteTeam "Bielorusia"]
[BlackTeam "Filipinas"]
[WhiteTeamCountry "BLR"]
[BlackTeamCountry "PHI"]

1. d4 Nf6 2. g3 g6 3. Bg2 d5 4. Nf3 Bg7 5. O-O O-O 6. c4 dxc4 7. Na3 Nc6 8.
Nxc4 Be6 9. b3 Bd5 10. e3 a5 11. a4 Qc8 12. Ba3 Rd8 13. Qe2 Qe6 14. Rac1 h6 15.
Rfd1 Ne4 16. Ne1 Ng5 17. Qf1 Qf5 18. f3 Qe6 19. Qf2 Nh3+ 20. Bxh3 Qxh3 21. e4
Bxd4 22. Rxd4 Nxd4 23. exd5 Rxd5 24. Ng2 Nxb3 25. Nf4 Qd7 26. Nxd5 Qxd5 27. Ne3
Qd7 28. Rd1 Qxa4 29. Bb2 c5 30. Qc2 b5 31. Nd5 Nd4 32. Qxa4 bxa4 33. Bxd4 cxd4
34. Nxe7+ Kf8 35. Nc6 a3 36. Nxd4 Rc8 37. Ra1 Rc3 38. Kf2 Rd3 39. Ne2 Ke7 40.
Nf4 Rb3 41. Ke2 Kd6 42. Nd3 Kd5 43. Kd2 a4 44. Nc1 Rxf3 45. Nd3 Ke4 46. Rxa3
Rf5 47. Ke2 Ra5 48. Nb2 Kf5 49. Kf3 Rb5 50. Nxa4 Ra5 51. Ra2 Kg5 52. Nc3 Rf5+
53. Kg2 Re5 54. Re2 Ra5 55. Ne4+ Kh5 56. Nf6+ Kg5 57. Rf2 h5 58. Ne4+ 1-0

[Event "Olimpiada de Khanty-Mansiysk 2010"]
[Site "Khanty-Mansiysk RUS"]
[Date "2010.09.27"]
[Round "6"]
[White "Milos, Gilberto"]
[Black "Karttunen, Mika"]
[Result "1-0"]
[WhiteElo "2599"]
[BlackElo "2440"]
[PlyCount "95"]
[EventDate "2010.09.21"]
[EventType "team"]
[EventRounds "11"]
[EventCountry "RUS"]
[Source "lmi"]
[SourceDate "2010.09.21"]
[WhiteTeam "Brasil"]
[BlackTeam "Finlandia"]
[WhiteTeamCountry "BRA"]
[BlackTeamCountry "FIN"]

1. e4 e6 2. d4 d5 3. Nd2 Nf6 4. e5 Nfd7 5. Bd3 c5 6. c3 Nc6 7. Ne2 Qb6 8. Nf3
cxd4 9. cxd4 f6 10. exf6 Nxf6 11. O-O Bd6 12. Re1 O-O 13. Nc3 Bd7 14. Be3 Rae8
15. Ne5 Re7 16. f4 Be8 17. Qd2 Nd7 18. Kh1 a6 19. Rac1 Bxe5 20. fxe5 Bh5 21.
Bg1 h6 22. Re3 Qd8 23. Rg3 Kh8 24. Be3 Nb4 25. Bb1 Ref7 26. Rg1 Qh4 27. Bxh6
Bg4 28. Bg5 Qh5 29. Be3 Rf1 30. h3 Rxg1+ 31. Kxg1 Bf5 32. Rg5 Qe8 33. Bxf5 Rxf5
34. Rxf5 exf5 35. a3 Nc6 36. Nxd5 Qg8 37. Nc3 Nb6 38. Qe2 Qb3 39. Bf2 Kg8 40.
e6 Kf8 41. d5 Nxd5 42. Qh5 Ke7 43. Qxf5 Nf6 44. Bc5+ Kd8 45. Qd3+ Kc8 46. Qd6
Nd8 47. e7 Ne6 48. Bb6 1-0

[Event "Olimpiada de Khanty-Mansiysk 2010"]
[Site "Khanty-Mansiysk RUS"]
[Date "2010.09.27"]
[Round "6"]
[White "Diamant, Andre"]
[Black "Norri, Joose"]
[Result "1-0"]
[WhiteElo "2498"]
[BlackElo "2330"]
[PlyCount "105"]
[EventDate "2010.09.21"]
[EventType "team"]
[EventRounds "11"]
[EventCountry "RUS"]
[Source "lmi"]
[SourceDate "2010.09.21"]
[WhiteTeam "Brasil"]
[BlackTeam "Finlandia"]
[WhiteTeamCountry "BRA"]
[BlackTeamCountry "FIN"]

1. e4 e5 2. Nf3 Nc6 3. Bb5 a6 4. Ba4 Nf6 5. O-O Be7 6. Re1 b5 7. Bb3 d6 8. c3
O-O 9. h3 Na5 10. Bc2 c5 11. d4 Nd7 12. dxc5 dxc5 13. Nbd2 f6 14. Nf1 Nb6 15.
Qe2 Be6 16. N3h2 Qc7 17. Qf3 Rad8 18. Ne3 Rf7 19. Nf5 Bf8 20. Ng4 Nb7 21. Nge3
c4 22. h4 Nc5 23. h5 Nd3 24. Rd1 Na4 25. Bxd3 cxd3 26. Nd5 Bxd5 27. exd5 Nc5
28. Be3 e4 29. Qg4 Rxd5 30. Nh6+ Kh8 31. Nxf7+ Qxf7 32. Bxc5 f5 33. Qf4 Bxc5
34. Qb8+ Bf8 35. a4 Kg8 36. axb5 Rxb5 37. Qc8 Rxb2 38. h6 gxh6 39. Rxa6 Rb5 40.
Ra8 Kg7 41. Rda1 Rb7 42. R8a5 Rc7 43. Qxf5 Qxf5 44. Rxf5 Rxc3 45. Ra7+ Kg6 46.
Rd5 Rc6 47. Ra4 Re6 48. Kf1 Be7 49. f3 e3 50. Rxd3 Bc5 51. Ke2 Rb6 52. Ra2 h5
53. Rc2 1-0

[Event "Olimpiada de Khanty-Mansiysk 2010"]
[Site "Khanty-Mansiysk RUS"]
[Date "2010.09.27"]
[Round "6"]
[White "Hammer, Jon Ludvig"]
[Black "Short, Nigel D"]
[Result "1/2-1/2"]
[WhiteElo "2633"]
[BlackElo "2690"]
[PlyCount "71"]
[EventDate "2010.09.21"]
[EventType "team"]
[EventRounds "11"]
[EventCountry "RUS"]
[Source "lmi"]
[SourceDate "2010.09.21"]
[WhiteTeam "Noruega"]
[BlackTeam "Inglaterra"]
[WhiteTeamCountry "NOR"]
[BlackTeamCountry "ENG"]

1. d4 e6 2. Nf3 Nf6 3. c4 Bb4+ 4. Bd2 Bxd2+ 5. Qxd2 O-O 6. g3 d5 7. Bg2 Qe7 8.
O-O Rd8 9. Rc1 c6 10. Qe3 b6 11. Nbd2 Bb7 12. cxd5 cxd5 13. Ne5 Na6 14. Nc6
Bxc6 15. Rxc6 Rac8 16. Rcc1 Qb4 17. Nb3 h6 18. Qd3 Qa4 19. a3 Ne4 20. e3 Nd6
21. Nd2 Nb8 22. Bf3 Qd7 23. Bd1 Qb5 24. Qxb5 Nxb5 25. f3 Nd6 26. Kf2 Kf8 27.
Ke2 Ke7 28. Kd3 Rxc1 29. Rxc1 Rc8 30. Rxc8 Nxc8 31. e4 dxe4+ 32. fxe4 f6 33.
Nc4 Nd6 34. Ne3 Na6 35. h4 Nc7 36. Bf3 1/2-1/2

[Event "Olimpiada de Khanty-Mansiysk 2010"]
[Site "Khanty-Mansiysk RUS"]
[Date "2010.09.27"]
[Round "6"]
[White "Amanov, Mesgen"]
[Black "Rozentalis, Eduardas"]
[Result "1-0"]
[WhiteElo "2493"]
[BlackElo "2611"]
[PlyCount "59"]
[EventDate "2010.09.21"]
[EventType "team"]
[EventRounds "11"]
[EventCountry "RUS"]
[Source "lmi"]
[SourceDate "2010.09.21"]
[WhiteTeam "Turkmenistán"]
[BlackTeam "Lituania"]
[WhiteTeamCountry "TKM"]
[BlackTeamCountry "LTU"]

1. d4 Nf6 2. c4 e6 3. Nf3 b6 4. g3 Bb7 5. Bg2 Be7 6. O-O O-O 7. d5 exd5 8. Nh4
c6 9. cxd5 Nxd5 10. Nf5 Bf6 11. e4 Ne7 12. Nd6 Ba6 13. Re1 Be5 14. Nc3 Nc8 15.
Bf4 Nxd6 16. Bxe5 Nc4 17. Bd6 Nxd6 18. Qxd6 Re8 19. e5 Re6 20. Qd2 d5 21. exd6
Rxd6 22. Re8+ Qxe8 23. Qxd6 Bc4 24. Rd1 a5 25. b3 Bd5 26. Nxd5 cxd5 27. Bxd5
Ra7 28. Qxb6 Rd7 29. Qxa5 Nc6 30. Re1 1-0

[Event "Olimpiada de Khanty-Mansiysk 2010"]
[Site "Khanty-Mansiysk RUS"]
[Date "2010.09.27"]
[Round "6"]
[White "Sulskis, Sarunas"]
[Black "Annaberdiev, Meylis"]
[Result "1-0"]
[WhiteElo "2544"]
[BlackElo "2465"]
[PlyCount "81"]
[EventDate "2010.09.21"]
[EventType "team"]
[EventRounds "11"]
[EventCountry "RUS"]
[Source "lmi"]
[SourceDate "2010.09.21"]
[WhiteTeam "Lituania"]
[BlackTeam "Turkmenistán"]
[WhiteTeamCountry "LTU"]
[BlackTeamCountry "TKM"]

1. e4 c5 2. Nf3 d6 3. d4 cxd4 4. Nxd4 Nf6 5. Nc3 Nc6 6. Bc4 Qb6 7. Nb3 e6 8.
Bf4 Ne5 9. Be2 Bd7 10. Qd2 Be7 11. O-O-O O-O 12. g4 Bc6 13. f3 Qc7 14. g5 Nfd7
15. h4 a6 16. h5 b5 17. a3 Nb6 18. Na5 Rac8 19. g6 Ba8 20. gxh7+ Kh8 21. Rhg1
Rfd8 22. Bh6 Bf6 23. Bg5 Qe7 24. f4 Nc6 25. Nxc6 Bxc6 26. Qe3 Nd7 27. e5 dxe5
28. fxe5 Bxg5 29. Rxg5 f6 30. exf6 gxf6 31. Rg3 Ne5 32. Rf1 Kxh7 33. Ne4 Bxe4
34. Qxe4+ Kh8 35. Qf4 Rf8 36. Qh6+ Qh7 37. Rxf6 Rxc2+ 38. Kd1 Rd8+ 39. Bd3
Rxd3+ 40. Rxd3 Rc1+ 41. Kxc1 1-0

[Event "Olimpiada de Khanty-Mansiysk 2010"]
[Site "Khanty-Mansiysk RUS"]
[Date "2010.09.27"]
[Round "6"]
[White "Malisauskas, Vidmantas"]
[Black "Odeev, Handszar"]
[Result "1/2-1/2"]
[WhiteElo "2510"]
[BlackElo "2397"]
[PlyCount "37"]
[EventDate "2010.09.21"]
[EventType "team"]
[EventRounds "11"]
[EventCountry "RUS"]
[Source "lmi"]
[SourceDate "2010.09.21"]
[WhiteTeam "Lituania"]
[BlackTeam "Turkmenistán"]
[WhiteTeamCountry "LTU"]
[BlackTeamCountry "TKM"]

1. e4 c5 2. Nf3 d6 3. d4 cxd4 4. Nxd4 Nf6 5. Nc3 a6 6. Be2 e5 7. Nb3 Be7 8. O-O
O-O 9. Re1 Be6 10. Bf3 Nbd7 11. a4 Qc7 12. Nd2 Qc5 13. Nf1 b5 14. Be3 Qc6 15.
Ng3 Rfc8 16. axb5 axb5 17. Nd5 Bxd5 18. exd5 Qb7 19. Qd3 1/2-1/2

[Event "Olimpiada de Khanty-Mansiysk 2010"]
[Site "Khanty-Mansiysk RUS"]
[Date "2010.09.27"]
[Round "6"]
[White "Hernandez Guerrero, Gilbe"]
[Black "Bindrich, Falko"]
[Result "0-1"]
[WhiteElo "2540"]
[BlackElo "2507"]
[PlyCount "112"]
[EventDate "2010.09.21"]
[EventType "team"]
[EventRounds "11"]
[EventCountry "RUS"]
[Source "lmi"]
[SourceDate "2010.09.21"]
[WhiteTeam "México"]
[BlackTeam "Alemania"]
[WhiteTeamCountry "MEX"]
[BlackTeamCountry "GER"]

1. e4 e5 2. Nf3 Nc6 3. Bb5 a6 4. Ba4 Nf6 5. O-O Be7 6. d3 b5 7. Bb3 d6 8. a4
Bd7 9. Nc3 Na5 10. Ba2 O-O 11. Bd2 c5 12. Nd5 Nc6 13. c3 bxa4 14. Nxf6+ Bxf6
15. Bd5 Rb8 16. Rxa4 Ne7 17. Ra2 Nxd5 18. exd5 Bf5 19. Bc1 Rb6 20. Re1 Qa8 21.
c4 Rfb8 22. h3 Qb7 23. Re3 Rb4 24. Qe2 Bg6 25. Kh2 Be7 26. g4 f5 27. gxf5 Bxf5
28. Qe1 Bf6 29. Qf1 Rb6 30. Ra3 Bg6 31. Qe1 Rf8 32. Kg2 Bh5 33. Rc3 e4 34. dxe4
Bxc3 35. Rxc3 Bxf3+ 36. Rxf3 Rxf3 37. Kxf3 Rb3+ 38. Kg2 Qf7 39. Qd1 Qg6+ 40.
Kh2 Rb4 41. Qc2 Qf6 42. Kg2 Rb8 43. f3 Qd4 44. b3 Rf8 45. h4 h6 46. Bd2 Qf6 47.
Qd3 Qxh4 48. b4 cxb4 49. Bxb4 Qg5+ 50. Kf2 Qh4+ 51. Kg2 Rf6 52. Bc3 Rg6+ 53.
Kf1 Qh1+ 54. Ke2 Rg2+ 55. Ke3 Qg1+ 56. Kf4 Rd2 0-1

[Event "Olimpiada de Khanty-Mansiysk 2010"]
[Site "Khanty-Mansiysk RUS"]
[Date "2010.09.27"]
[Round "6"]
[White "Kraemer, Martin"]
[Black "Ibarra Chami, Luis Fernan"]
[Result "1-0"]
[WhiteElo "2516"]
[BlackElo "2444"]
[PlyCount "119"]
[EventDate "2010.09.21"]
[EventType "team"]
[EventRounds "11"]
[EventCountry "RUS"]
[Source "lmi"]
[SourceDate "2010.09.21"]
[WhiteTeam "Alemania"]
[BlackTeam "México"]
[WhiteTeamCountry "GER"]
[BlackTeamCountry "MEX"]

1. d4 Nf6 2. c4 g6 3. g3 Bg7 4. Bg2 d6 5. Nf3 O-O 6. Nc3 Nc6 7. O-O a6 8. Re1
Rb8 9. Rb1 b5 10. cxb5 axb5 11. b4 Bd7 12. e4 e6 13. Qd3 Ne7 14. h3 Nc8 15. Be3
Nb6 16. Nd2 Qc8 17. Bf1 Ra8 18. Rec1 Qb7 19. Nxb5 Bxb5 20. Qxb5 Rxa2 21. Qc6
Qxc6 22. Rxc6 Rxd2 23. Bxd2 Nxe4 24. Be3 Nd5 25. Bc4 Nec3 26. Rb3 Rb8 27. b5
Kf8 28. Bd2 Bxd4 29. Bxc3 Nxc3 30. Rxc7 Bb6 31. Rc6 Ne4 32. Rb2 Ke7 33. Kg2 d5
34. Bd3 Nd6 35. Ra2 Bd4 36. Ra4 e5 37. f4 Rb7 38. fxe5 Bxe5 39. Rc5 Ke6 40. Be2
d4 41. Ra6 h5 42. Bf3 Rb8 43. b6 d3 44. Rd5 Rc8 45. Rxd3 Rc2+ 46. Kf1 Nf5 47.
b7+ Ke7 48. g4 Ng3+ 49. Ke1 Rc1+ 50. Bd1 Ne4 51. Rb6 hxg4 52. hxg4 Bb8 53. Re3
f5 54. Rxg6 Kf7 55. gxf5 Nc5 56. Ke2 Rb1 57. Rc3 Rb5 58. Rxc5 Rxc5 59. Bb3+ Ke7
60. f6+ 1-0

[Event "Olimpiada de Khanty-Mansiysk 2010"]
[Site "Khanty-Mansiysk RUS"]
[Date "2010.09.27"]
[Round "6"]
[White "Potapov, Pavel"]
[Black "Lenic, Luka"]
[Result "1/2-1/2"]
[WhiteElo "2464"]
[BlackElo "2603"]
[PlyCount "26"]
[EventDate "2010.09.21"]
[EventType "team"]
[EventRounds "11"]
[EventCountry "RUS"]
[Source "lmi"]
[SourceDate "2010.09.21"]
[WhiteTeam "RU5"]
[BlackTeam "Eslovenia"]
[BlackTeamCountry "SLO"]

1. e4 c5 2. c3 d5 3. exd5 Qxd5 4. d4 Nf6 5. Nf3 Bg4 6. Be2 e6 7. O-O Nc6 8. h3
Bh5 9. Be3 cxd4 10. Nxd4 Bxe2 11. Qxe2 Nxd4 12. Bxd4 Be7 13. Nd2 O-O 1/2-1/2

[Event "Olimpiada de Khanty-Mansiysk 2010"]
[Site "Khanty-Mansiysk RUS"]
[Date "2010.09.27"]
[Round "6"]
[White "Pavasovic, Dusko"]
[Black "Kopylov, Alexander A"]
[Result "1-0"]
[WhiteElo "2568"]
[BlackElo "2438"]
[PlyCount "55"]
[EventDate "2010.09.21"]
[EventType "team"]
[EventRounds "11"]
[EventCountry "RUS"]
[Source "lmi"]
[SourceDate "2010.09.21"]
[WhiteTeam "Eslovenia"]
[BlackTeam "RU5"]
[WhiteTeamCountry "SLO"]

1. e4 c5 2. Nf3 e6 3. c3 d5 4. exd5 Qxd5 5. d4 Nf6 6. Be3 cxd4 7. cxd4 Nc6 8.
Nc3 Qd6 9. a3 Be7 10. Bd3 O-O 11. O-O b6 12. Qe2 Bb7 13. Rad1 Rac8 14. Bb1 Rfd8
15. Rfe1 Qc7 16. Bg5 Nd5 17. Qe4 g6 18. Qh4 h5 19. Bxg6 fxg6 20. Rxe6 Kf7 21.
Rde1 Bf8 22. Qe4 Nce7 23. Rxe7+ Nxe7 24. Qe6+ Kg7 25. Bf6+ Kh6 26. Qe3+ g5 27.
Qxg5+ Kh7 28. Rxe7+ 1-0

[Event "Olimpiada de Khanty-Mansiysk 2010"]
[Site "Khanty-Mansiysk RUS"]
[Date "2010.09.27"]
[Round "6"]
[White "Savitskiy, Sergey"]
[Black "Borisek, Jure"]
[Result "0-1"]
[WhiteElo "2373"]
[BlackElo "2535"]
[PlyCount "72"]
[EventDate "2010.09.21"]
[EventType "team"]
[EventRounds "11"]
[EventCountry "RUS"]
[Source "lmi"]
[SourceDate "2010.09.21"]
[WhiteTeam "RU5"]
[BlackTeam "Eslovenia"]
[BlackTeamCountry "SLO"]

1. e4 e5 2. Nf3 Nc6 3. Nc3 Nf6 4. d4 exd4 5. Nxd4 Bb4 6. Nxc6 bxc6 7. Bd3 O-O
8. O-O d5 9. exd5 cxd5 10. Bg5 c6 11. Qf3 Rb8 12. Ne2 Bg4 13. Qf4 Bd6 14. Bxf6
Bxf4 15. Bxd8 Bxe2 16. Bxe2 Rfxd8 17. b3 Re8 18. Bf3 Re6 19. Rfe1 Bd2 20. Rxe6
fxe6 21. Rd1 Bc3 22. Rd3 Bf6 23. c4 Kf7 24. g3 Ke7 25. Rd2 a5 26. Be2 a4 27.
bxa4 Rb4 28. cxd5 exd5 29. a5 Kd6 30. a6 Ra4 31. Kf1 h6 32. Bd3 Ra3 33. Ke2 Bc3
34. Rc2 c5 35. Bb5 c4 36. a7 Ke5 0-1

[Event "Olimpiada de Khanty-Mansiysk 2010"]
[Site "Khanty-Mansiysk RUS"]
[Date "2010.09.27"]
[Round "6"]
[White "Sebenik, Matej"]
[Black "Yuffa, Daniil"]
[Result "1/2-1/2"]
[WhiteElo "2516"]
[BlackElo "2235"]
[PlyCount "79"]
[EventDate "2010.09.21"]
[EventType "team"]
[EventRounds "11"]
[EventCountry "RUS"]
[Source "lmi"]
[SourceDate "2010.09.21"]
[WhiteTeam "Eslovenia"]
[BlackTeam "RU5"]
[WhiteTeamCountry "SLO"]

1. Nf3 Nf6 2. c4 g6 3. Nc3 Bg7 4. e4 d6 5. d4 O-O 6. Be2 e5 7. O-O Nc6 8. d5
Ne7 9. Ne1 Nd7 10. Nd3 f5 11. Bd2 c5 12. Rb1 fxe4 13. Nxe4 Nf6 14. Nxf6+ Bxf6
15. b4 e4 16. Nf4 Nf5 17. Bg4 Bd4 18. Bxf5 Rxf5 19. Qe2 Qf6 20. Qxe4 Bd7 21.
Ne6 Re5 22. Qf4 Rf5 23. Qxd6 Rxf2 24. Rxf2 Qxf2+ 25. Kh1 Bxe6 26. Qxe6+ Kg7 27.
Qe7+ Kg8 28. Bh6 cxb4 29. d6 Qf7 30. Qxf7+ Kxf7 31. Bg5 Ke6 32. d7 Bb6 33. Rxb4
Kxd7 34. c5 Bc7 35. Rxb7 Rb8 36. Rxb8 Bxb8 37. g4 Kc6 38. Be3 a6 39. Kg2 Ba7
40. Kf3 1/2-1/2

[Event "Olimpiada de Khanty-Mansiysk 2010"]
[Site "Khanty-Mansiysk RUS"]
[Date "2010.09.27"]
[Round "6"]
[White "Sedlak, Nikola"]
[Black "Morovic Fernandez, Ivan"]
[Result "1/2-1/2"]
[WhiteElo "2550"]
[BlackElo "2580"]
[PlyCount "34"]
[EventDate "2010.09.21"]
[EventType "team"]
[EventRounds "11"]
[EventCountry "RUS"]
[Source "lmi"]
[SourceDate "2010.09.21"]
[WhiteTeam "SRB"]
[BlackTeam "Chile"]
[BlackTeamCountry "CHI"]

1. d4 Nf6 2. c4 e6 3. Nc3 Bb4 4. e3 O-O 5. Bd3 d5 6. Nf3 c5 7. O-O dxc4 8. Bxc4
Qe7 9. a3 Ba5 10. Bd2 Nc6 11. dxc5 Qxc5 12. Qe2 Qh5 13. Nb5 a6 14. Nd6 Bc7 15.
Nxc8 Raxc8 16. h3 Ne5 17. Rfc1 Rfd8 1/2-1/2

[Event "Olimpiada de Khanty-Mansiysk 2010"]
[Site "Khanty-Mansiysk RUS"]
[Date "2010.09.27"]
[Round "6"]
[White "Vasquez Schroeder, Rodrig"]
[Black "Kovacevic, Aleksandar"]
[Result "0-1"]
[WhiteElo "2521"]
[BlackElo "2582"]
[PlyCount "98"]
[EventDate "2010.09.21"]
[EventType "team"]
[EventRounds "11"]
[EventCountry "RUS"]
[Source "lmi"]
[SourceDate "2010.09.21"]
[WhiteTeam "Chile"]
[BlackTeam "SRB"]
[WhiteTeamCountry "CHI"]

1. d4 Nf6 2. c4 e6 3. Nc3 c5 4. d5 exd5 5. cxd5 d6 6. e4 g6 7. Bg5 Bg7 8. Nf3
h6 9. Bh4 g5 10. Bg3 Nh5 11. Bb5+ Kf8 12. e5 Nxg3 13. fxg3 a6 14. Bd3 c4 15.
Bxc4 Qb6 16. e6 Qxb2 17. O-O Qxc3 18. Rc1 Qe3+ 19. Kh1 Nd7 20. exd7 Bxd7 21.
Bd3 Rc8 22. Rxc8+ Bxc8 23. Re1 Qc5 24. Qe2 Bf6 25. Nd2 Be5 26. Ne4 Qd4 27. Rd1
Qb6 28. Rf1 Kg7 29. Qh5 Qc7 30. a4 Qe7 31. Qd1 Bd7 32. a5 Rc8 33. Qb3 Rc7 34.
Qb6 Bc8 35. Qf2 Bg4 36. h3 Bh5 37. g4 Bg6 38. Qf3 Bf4 39. g3 Rc1 40. Kg2 Rxf1
41. Kxf1 Be5 42. Kg2 Qd8 43. h4 gxh4 44. Kh3 Qxa5 45. gxh4 Qxd5 46. h5 Bh7 47.
Qe3 Qd4 48. Qf3 Qg1 49. g5 hxg5 0-1

[Event "Olimpiada de Khanty-Mansiysk 2010"]
[Site "Khanty-Mansiysk RUS"]
[Date "2010.09.27"]
[Round "6"]
[White "Arancibia Guzman, Eduardo"]
[Black "Markus, Robert"]
[Result "1/2-1/2"]
[WhiteElo "2352"]
[BlackElo "2624"]
[PlyCount "127"]
[EventDate "2010.09.21"]
[EventType "team"]
[EventRounds "11"]
[EventCountry "RUS"]
[Source "lmi"]
[SourceDate "2010.09.21"]
[WhiteTeam "Chile"]
[BlackTeam "SRB"]
[WhiteTeamCountry "CHI"]

1. d4 Nf6 2. c4 g6 3. Nc3 Bg7 4. Nf3 d6 5. Bg5 h6 6. Bh4 g5 7. Bg3 Nh5 8. e3
Nd7 9. Qc2 e6 10. Be2 Ndf6 11. Nd2 Qe7 12. Nde4 Nxe4 13. Nxe4 Nxg3 14. hxg3 Bd7
15. g4 O-O-O 16. Ng3 Rhe8 17. O-O-O Kb8 18. Qh7 Bf8 19. Qc2 c6 20. Kb1 d5 21.
cxd5 cxd5 22. Qb3 Rc8 23. Rc1 Rxc1+ 24. Rxc1 Rc8 25. Rxc8+ Bxc8 26. Nh5 Qc7 27.
g3 Qa5 28. Qc3 Bb4 29. Qc2 Be7 30. Qc3 Qxc3 31. bxc3 Bd7 32. Bd3 Kc7 33. Kc2
Kd6 34. f4 b5 35. Kb2 Bd8 36. Bc2 Ke7 37. Bd1 Bc7 38. Be2 Bd6 39. Kb3 Be8 40.
Ng7 Bc6 41. Nh5 a6 42. Bd1 f6 43. Be2 Kf7 44. Bd3 Bd7 45. f5 e5 46. Kb2 Bc7 47.
Bc2 Ke7 48. Bb3 Bc6 49. Bd1 Bb6 50. a3 Bc7 51. Bb3 Bd6 52. Bd1 Be8 53. Bb3 Bf7
54. Ba2 Bc7 55. Bb3 e4 56. Kc2 Bd8 57. a4 Kd6 58. axb5 axb5 59. Kd2 Be7 60. Bd1
Kc6 61. Bb3 Bd8 62. Bc2 Be7 63. Bb3 Bd8 64. Bc2 1/2-1/2